<?xml version="1.0" encoding="UTF-8"?>
<record
    xmlns:xsi="http://www.w3.org/2001/XMLSchema-instance"
    xsi:schemaLocation="http://www.loc.gov/MARC21/slim http://www.loc.gov/standards/marcxml/schema/MARC21slim.xsd"
    xmlns="http://www.loc.gov/MARC21/slim">

  <leader>01263nam a22002777a 4500</leader>
  <controlfield tag="008">160525b        xxu||||| |||| 00| 0 eng d</controlfield>
  <datafield tag="082" ind1=" " ind2=" ">
    <subfield code="a">708</subfield>
    <subfield code="b">D224i</subfield>
  </datafield>
  <datafield tag="100" ind1=" " ind2=" ">
    <subfield code="a">Hans-Michael Herzog; Katrin Steffen; </subfield>
    <subfield code="9">5012</subfield>
  </datafield>
  <datafield tag="110" ind1=" " ind2=" ">
    <subfield code="a"> Casa Daros (Rio de Janeiro, Brazil)</subfield>
    <subfield code="9">5013</subfield>
  </datafield>
  <datafield tag="245" ind1=" " ind2=" ">
    <subfield code="a">Ilus&#xF5;es = Illusions = Ilusiones</subfield>
    <subfield code="c">	Hans-Michael Herzog; Katrin Steffen; Casa Daros (Rio de Janeiro, Brazil)</subfield>
  </datafield>
  <datafield tag="260" ind1=" " ind2=" ">
    <subfield code="a">Rio de Janeiro </subfield>
    <subfield code="b">Daros Latinamerica AG : Casa Daros</subfield>
    <subfield code="c">2014</subfield>
  </datafield>
  <datafield tag="300" ind1=" " ind2=" ">
    <subfield code="a">40 unnumbered pages </subfield>
    <subfield code="b"> illustrations (some color) </subfield>
    <subfield code="c">21 cm</subfield>
  </datafield>
  <datafield tag="505" ind1=" " ind2=" ">
    <subfield code="t">Luis Camnitzer --</subfield>
    <subfield code="t">Los Carpinteros --</subfield>
    <subfield code="t">Jos&#xE9; Damasceno --</subfield>
    <subfield code="t">Mauricio Alejo --</subfield>
    <subfield code="t">Leandro Erlich --</subfield>
    <subfield code="t">Liliana Porter --</subfield>
    <subfield code="t">Teresa Serrano --</subfield>
    <subfield code="t">Fernando Pareja &amp; Leidy Chavez -</subfield>
    <subfield code="t">Jos&#xE9; Toirac.</subfield>
  </datafield>
  <datafield tag="650" ind1=" " ind2=" ">
    <subfield code="a">Exhibicones </subfield>
    <subfield code="v">Percepci&#xF3;n - Representaci&#xF3;n</subfield>
    <subfield code="x">arte latinoamericano </subfield>
    <subfield code="9">5014</subfield>
  </datafield>
  <datafield tag="700" ind1=" " ind2=" ">
    <subfield code="a">Hans-Michael Herzog</subfield>
    <subfield code="9">5015</subfield>
  </datafield>
  <datafield tag="700" ind1=" " ind2=" ">
    <subfield code="a"> Katrin Steffen</subfield>
    <subfield code="9">5016</subfield>
  </datafield>
  <datafield tag="700" ind1=" " ind2=" ">
    <subfield code="a">Luis Camnitzer --</subfield>
    <subfield code="9">5017</subfield>
  </datafield>
  <datafield tag="700" ind1=" " ind2=" ">
    <subfield code="a">Los Carpinteros --</subfield>
    <subfield code="9">5018</subfield>
  </datafield>
  <datafield tag="700" ind1=" " ind2=" ">
    <subfield code="a">Jos&#xE9; Damasceno --</subfield>
    <subfield code="9">5019</subfield>
  </datafield>
  <datafield tag="700" ind1=" " ind2=" ">
    <subfield code="a">Mauricio Alejo --</subfield>
    <subfield code="9">5020</subfield>
  </datafield>
  <datafield tag="700" ind1=" " ind2=" ">
    <subfield code="a">Leandro Erlich --</subfield>
    <subfield code="9">5021</subfield>
  </datafield>
  <datafield tag="700" ind1=" " ind2=" ">
    <subfield code="a">Liliana Porter --</subfield>
    <subfield code="9">5022</subfield>
  </datafield>
  <datafield tag="700" ind1=" " ind2=" ">
    <subfield code="a">Teresa Serrano --</subfield>
    <subfield code="9">5023</subfield>
  </datafield>
  <datafield tag="700" ind1=" " ind2=" ">
    <subfield code="a">Fernando Pareja &amp; Leidy Chavez -</subfield>
    <subfield code="9">5024</subfield>
  </datafield>
  <datafield tag="700" ind1=" " ind2=" ">
    <subfield code="a">Jos&#xE9; Toirac.</subfield>
    <subfield code="9">5025</subfield>
  </datafield>
  <datafield tag="999" ind1=" " ind2=" ">
    <subfield code="c">914</subfield>
    <subfield code="d">914</subfield>
  </datafield>
  <datafield tag="952" ind1=" " ind2=" ">
    <subfield code="0">0</subfield>
    <subfield code="1">0</subfield>
    <subfield code="2">ddc</subfield>
    <subfield code="4">0</subfield>
    <subfield code="7">0</subfield>
    <subfield code="a">LV</subfield>
    <subfield code="b">LV</subfield>
    <subfield code="c">Colectivas</subfield>
    <subfield code="d">2016-05-25</subfield>
    <subfield code="l">0</subfield>
    <subfield code="o">708 D224i</subfield>
    <subfield code="p">004189</subfield>
    <subfield code="r">2016-05-25 00:00:00</subfield>
    <subfield code="w">2016-05-25</subfield>
    <subfield code="y">01</subfield>
  </datafield>
</record>
